Countries that have English as an official language - Statistics

General Stats
  • This quiz has been taken 52 times
    28 since last reset
  • The average score is 42 of 52
Answer Stats
Continent Answer % Correct
Europe United Kingdom
100%
Oceania Australia
95%
North America Canada
95%
Oceania New Zealand
95%
Africa South Africa
95%
Africa Nigeria
90%
North America Antigua and Barbuda
85%
North America Bahamas
85%
North America Barbados
85%
North America Dominica
85%
Africa Eswatini
85%
Oceania Fiji
85%
Oceania F.S. Micronesia
85%
North America Grenada
85%
South America Guyana
85%
Europe Ireland
85%
Africa Kenya
85%
North America St Kitts and Nevis
85%
North America St Lucia
85%
Africa Uganda
85%
Africa Zambia
85%
Africa Zimbabwe
85%
North America Belize
80%
Africa Botswana
80%
Africa Ghana
80%
Europe Malta
80%
Oceania Palau
80%
Africa Rwanda
80%
Oceania Samoa
80%
Africa Sierra Leone
80%
Africa South Sudan
80%
Africa Sudan
80%
Africa Tanzania
80%
Oceania Tonga
80%
North America Trinidad and Tobago
80%
Oceania Tuvalu
80%
Africa Burundi
75%
Asia India
75%
Oceania Marshall islands
75%
Africa Seychelles
75%
Asia Singapore
75%
Oceania Solomon islands
75%
Africa Malawi
70%
Africa Namibia
70%
Oceania Papua new guinea
70%
Africa Somalia
70%
Africa Cameroon
65%
Africa Gambia
65%
Africa Liberia
65%
Asia Pakistan
65%
Europe Belgium
60%
Asia Philippines
60%
No matching quizzes found
Score Distribution
Percent of People with Each Score
Percentile by Number Answered
Your Score History
You have not taken this quiz since the last reset